| 000 | 01002cam a2200313 i 4500 | ||
|---|---|---|---|
| 001 | 200452743 | ||
| 999 |
_c200452743 _d70955 |
||
| 003 | TR-AnTOB | ||
| 005 | 20250107154559.0 | ||
| 007 | ta | ||
| 008 | 851011s1972 tu 001 0 tur d | ||
| 040 |
_aDLC _beng _erda _cCarP _dDLC _dTR-AnTOB |
||
| 041 | 0 | _atur | |
| 050 | 0 | 0 |
_aKKX770 _b.I47 1972 |
| 090 |
_aKKX770 _b.I47 1972 |
||
| 100 | 1 |
_aİmre, Zahit _eauthor _9111441 |
|
| 245 | 1 | 0 |
_aTürk miras hukuku / _cDr. Zahit İmre. |
| 246 | 1 | 4 | _aMiras hukuku. |
| 250 | _aSon mevzuata, Türk - İsviçre mahkeme içtihatlarına ve ilmi esaslara göre yenilenmiş üçüncü bası | ||
| 264 | 3 |
_aİstanbul : _bSermet Matbaası, _c1972. |
|
| 300 |
_axxix, 850 pages ; _c24 cm |
||
| 336 |
_atext _btxt _2rdacontent |
||
| 337 |
_aunmediated _bn _2rdamedia |
||
| 338 |
_avolume _bnc _2rdacarrier |
||
| 500 | _aİncludes index. | ||
| 650 | 7 |
_aMiras (Hukuk) _zTürkiye _2etuturkob _957972 |
|
| 650 | 0 |
_aVeraset ve intikal _zTürkiye _9111435 |
|
| 942 |
_2lcc _cBK |
||